Looking For Gandhi in Our Times/ (Record no. 212636)

MARC details
000 -LEADER
fixed length control field 00639nam a22001937a 4500
005 - DATE AND TIME OF LATEST TRANSACTION
control field 20250728105510.0
010 ## - LCCN (DPL NO)
LC control number ENG-146170
020 ## - INTERNATIONAL STANDARD BOOK NUMBER
International Standard Book Number 9789354092299
Terms of availability 300.00
035 ## - SYSTEM CONTROL NUMBER
System control number EN-129702
037 ## - SOURCE OF ACQUISITION
Stock number dpl
Source of stock number/acquisition DBAD
082 ## - DEWEY DECIMAL CLASSIFICATION NUMBER
Edition number 1
Classification number 301.149
100 ## - MAIN ENTRY--PERSONAL NAME
Personal name Das, Varsha
245 ## - TITLE STATEMENT
Title Looking For Gandhi in Our Times/
Statement of responsibility, etc Varsha Das
250 ## - EDITION STATEMENT
Edition statement 1
260 ## - PUBLICATION, DISTRIBUTION, ETC. (IMPRINT)
Place of publication, distribution, etc New Delhi
Name of publisher, distributor, etc Publications Division, Ministry of Information and Broadcasting, Government of India
Date of publication, distribution, etc 2021
270 ## - ADDRESS
Address Sochna Bhawan, CGO Complex, Lodhi Road
City New Delhi
Postal code 110003
Electronic mail address dpd@nic.in
300 ## - PHYSICAL DESCRIPTION
Extent 149p.
Other physical details 22cm(pb)
942 ## - ADDED ENTRY ELEMENTS (KOHA)
Source of classification or shelving scheme Dewey Decimal Classification
Item type English Books
Classification part 301.149
Call number suffix DAS
Holdings
Withdrawn status Lost status Not for loan Collection code Home library Current library Date acquired Source of acquisition Cost, normal purchase price Full call number Barcode Copy number Cost, replacement price Koha item type
      Non-fiction Central Jail Tihar Central Jail Tihar 28/07/2025 Delivery of Books Act Division 300.00 301.149 DAS EN-129702 1 300.00 English Books

© Delhi Public Library
Hit Counter
free hit counter